00715 2200241 4500001002100000005001700021008004100038020002200079035002400101040001200125082001000137090002000147100001800167245011200185250001100297260003600308300002900344500002800373650002700401700001200428850001200440999002100452YOGYA-0712000000046220120731190742.0 ind  a978-979-698-318-6 0010-071200000000462 aYOPDYOG a362.5 aDEP 362.5 Enn I aENNI HARDIATI aImplementasi kebijakan penanganan gelandangan psikotik di kota Medan /coleh Enni Hardiati; editor, Pranowo aCet.1. aYogyakartabB2P3 KS Pressc2011 aVIII,80 hlmbilusc21 cm aBibliografi : hlm 79-80 aGelandangan-Penelitian aPranowo aYOPDYOG aCB-D.11 2012-259